<?xml version="1.0" encoding="UTF-8"?><?xml-stylesheet type="text/xsl" href="static/style.xsl"?><OAI-PMH xmlns="http://www.openarchives.org/OAI/2.0/" xmlns:xsi="http://www.w3.org/2001/XMLSchema-instance" xsi:schemaLocation="http://www.openarchives.org/OAI/2.0/ http://www.openarchives.org/OAI/2.0/OAI-PMH.xsd"><responseDate>2026-04-17T18:46:34Z</responseDate><request verb="GetRecord" identifier="oai:www.recercat.cat:10230/54439" metadataPrefix="marc">https://recercat.cat/oai/request</request><GetRecord><record><header><identifier>oai:recercat.cat:10230/54439</identifier><datestamp>2025-12-13T21:20:22Z</datestamp><setSpec>com_2072_6</setSpec><setSpec>col_2072_452952</setSpec></header><metadata><record xmlns="http://www.loc.gov/MARC21/slim" xmlns:dcterms="http://purl.org/dc/terms/" xmlns:xsi="http://www.w3.org/2001/XMLSchema-instance" xmlns:doc="http://www.lyncode.com/xoai" xsi:schemaLocation="http://www.loc.gov/MARC21/slim http://www.loc.gov/standards/marcxml/schema/MARC21slim.xsd">
   <leader>00925njm 22002777a 4500</leader>
   <datafield ind2=" " ind1=" " tag="042">
      <subfield code="a">dc</subfield>
   </datafield>
   <datafield ind2=" " ind1=" " tag="720">
      <subfield code="a">Grimm, Scott</subfield>
      <subfield code="e">author</subfield>
   </datafield>
   <datafield ind2=" " ind1=" " tag="720">
      <subfield code="a">McNally, Louise, 1965-</subfield>
      <subfield code="e">author</subfield>
   </datafield>
   <datafield ind2=" " ind1=" " tag="260">
      <subfield code="c">2022-10-18T05:44:12Z</subfield>
   </datafield>
   <datafield ind2=" " ind1=" " tag="260">
      <subfield code="c">2022-10-18T05:44:12Z</subfield>
   </datafield>
   <datafield ind2=" " ind1=" " tag="260">
      <subfield code="c">2022</subfield>
   </datafield>
   <datafield ind2=" " ind1=" " tag="520">
      <subfield code="a">Nominalization (e.g., sleeping, that we slept, sleepiness) allows speakers to refer and ascribe properties to whatever sorts of entities clauses, verbs, or&#xd;
adjectives typically denote. Characterizing these relatively abstract entities&#xd;
has challenged semanticists and philosophers of language for over 50 years,&#xd;
thanks especially to Zeno Vendler’s early work. Vendler took different kinds&#xd;
of English nominalization constructions to support positing facts, propositions, and events as distinct ontological objects. However, his conclusions&#xd;
remain controversial. The research on nominalization and natural language&#xd;
ontology has never been brought together or put into perspective; in this&#xd;
article, we clarify the complex variety of subsequent ontological positions&#xd;
that build on Vendler’s work, identifying points of consensus and disagreement. We also reflect on the consequences and challenges of focusing on&#xd;
the English data and offer a glimpse of how the landscape might change&#xd;
with greater attention to nominalization in other languages.</subfield>
   </datafield>
   <datafield ind2=" " ind1=" " tag="520">
      <subfield code="a">We also thank Lauren Fonteyn, Zi&#xd;
Huang, Paul Portner, Alessandro Zucchi, and Barbara Partee for input directly related to this article, and acknowledge support from grant FFI2016-76045-P (AEI/MINEICO/FEDER, UE)&#xd;
and an ICREA Academia Award to L.M.</subfield>
   </datafield>
   <datafield tag="653" ind2=" " ind1=" ">
      <subfield code="a">Nominalization</subfield>
   </datafield>
   <datafield tag="653" ind2=" " ind1=" ">
      <subfield code="a">Natural language ontology</subfield>
   </datafield>
   <datafield tag="653" ind2=" " ind1=" ">
      <subfield code="a">Events</subfield>
   </datafield>
   <datafield tag="653" ind2=" " ind1=" ">
      <subfield code="a">Facts</subfield>
   </datafield>
   <datafield tag="653" ind2=" " ind1=" ">
      <subfield code="a">Propositions</subfield>
   </datafield>
   <datafield tag="653" ind2=" " ind1=" ">
      <subfield code="a">Abstract objects</subfield>
   </datafield>
   <datafield ind2="0" ind1="0" tag="245">
      <subfield code="a">Nominalization and natural language ontology</subfield>
   </datafield>
</record></metadata></record></GetRecord></OAI-PMH>